The Instructional Leader's Guide to Informal Classroom Observations (Record no. 25050)

MARC details
000 -LEADER
fixed length control field 00750nam a22002177a 4500
003 - CONTROL NUMBER IDENTIFIER
control field OSt
005 - DATE AND TIME OF LATEST TRANSACTION
control field 20260623152240.0
008 - FIXED-LENGTH DATA ELEMENTS--GENERAL INFORMATION
fixed length control field 260623b |||||||| |||| 00| 0 eng d
020 ## - INTERNATIONAL STANDARD BOOK NUMBER
International Standard Book Number 159667010
040 ## - CATALOGING SOURCE
Transcribing agency Chuka University Library
050 ## - LIBRARY OF CONGRESS CALL NUMBER
Classification number LB 1731.6
Item number .Z4 2004
100 ## - MAIN ENTRY--PERSONAL NAME
Personal name Zepeda Sally J.
9 (RLIN) 30846
245 ## - TITLE STATEMENT
Title The Instructional Leader's Guide to Informal Classroom Observations
260 ## - PUBLICATION, DISTRIBUTION, ETC.
Place of publication, distribution, etc. Larchmont
Name of publisher, distributor, etc. Eye on Education
Date of publication, distribution, etc. 2004
300 ## - PHYSICAL DESCRIPTION
Extent x 122 pages
Other physical details illustrated includes indexes
650 ## - SUBJECT ADDED ENTRY--TOPICAL TERM
Topical term or geographic name entry element Observation(Educational method)
9 (RLIN) 30847
650 ## - SUBJECT ADDED ENTRY--TOPICAL TERM
Topical term or geographic name entry element School Principles-United States
9 (RLIN) 30848
650 ## - SUBJECT ADDED ENTRY--TOPICAL TERM
Topical term or geographic name entry element Teacher Principal Relationships-United States
9 (RLIN) 30849
650 ## - SUBJECT ADDED ENTRY--TOPICAL TERM
Topical term or geographic name entry element School Supervision-United States
9 (RLIN) 29120
942 ## - ADDED ENTRY ELEMENTS (KOHA)
Source of classification or shelving scheme Library of Congress Classification
Koha item type Long Loan Books
Suppress in OPAC No

No items available.

Powered by Koha